| 000 | 01264nam a2200325 c 4500 | ||
|---|---|---|---|
| 999 |
_c28938 _d28938 |
||
| 003 | BLK | ||
| 005 | 20220217125602.0 | ||
| 008 | 180407b bul|||||r ||||||| ||bul|| | ||
| 010 | _aKNG00031542000 | ||
| 020 | _a954-9548-13-1 | ||
| 020 | _a954-9548-14-7 | ||
| 040 | _aBLK | ||
| 041 |
_aBUL _cBUL |
||
| 072 | 7 |
_2bullib _aРА _xРусенски автори |
|
| 080 |
_aБългарска литература _b821.163.2 _x-93-1 _z821.163.2-93-1 |
||
| 100 | 1 |
_aЛазарова, Мила _eпърви автор _gЛазарова, Милка Кирилова _9364479 |
|
| 139 |
_aЛазарова, Мила _bЛ 14 |
||
| 245 | 1 | 0 |
_aРазковниче _bИзбрана детска поезия _cМила Лазарова; * Милка Кирилова Лазарова. |
| 257 | _aBGR | ||
| 260 |
_bАвангард принт _c2000 |
||
| 300 |
_a64 с. _c20 см |
||
| 380 | _aDX | ||
| 659 | _aК | ||
| 700 | 1 |
_aЛазарова, Милка Кирилова _e* _9364480 |
|
| 852 | _aЦб 204249 | ||
| 852 | _aК 821.163.2/Л 14 М | ||
| 856 | 4 | _qpdf | |
| 856 | 4 | _qpdf | |
| 942 |
_cKNG _n0 _s1 |
||
| 944 |
_aCR _c24.02.2003 _kГеновева_Генчева |
||
| 944 |
_aED _c31.07.2003 |
||
| 999 | _d28938 | ||